000
00313pab a2200145 454500
008
180718b2002 xxu||||| |||| 00| 0 eng d
100
_a
Datt, Anuradha
245
_a
First among animals
260
_c
2002
300
_a
p.7.
362
_a
7 Aug
650
_a
Wild animals
773
_a
Pioneer
909
_a
54354
999
_c
54354
_d
54354